| 000 | 00000nam##2200000za#4500 |
| 001 | 9.625635 |
| 003 | CaOODSP |
| 005 | 20200327183725 |
| 007 | ta |
| 008 | 150406|1999||||xxc||||| f|0| 0 fre|d |
| 040 | |aCaOODSP|bfre |
| 043 | |an-cn--- |
| 086 | 1 |aH113-1/1-1999F |
| 110 | 1 |aCanada.|bSanté Canada. |bAgence de réglementation de la lutte antiparasitaire. |
| 245 | 10|aLutte efficace contre les fourmis |
| 260 | |aOttawa - Ontario : |bSanté Canada. |c1999. |
| 300 | |a1 feuille pliée. ; |c22 cm. |
| 490 | 1 |aFeuillet de renseignements sur les organismes nuisibles |
| 563 | |aDépliant |
| 590 | |a01-41|b2001-10-12 |
| 691 | 07|aPesticide|2gcpds |
| 691 | 07|aOrganisme nuisible|2gcpds |
| 775 | 08|tEffective control of ants |w(CaOODSP)9.615585 |
| 776 | 0#|tLutte efficace contre les fourmis |w(CaOODSP)9.602849 |
| 830 | #0|aFeuillet de renseignements sur les organismes nuisibles.|w(CaOODSP)9.513058 |